000 00968nam a2200289 a 4500
001 000014840
003 DO-SdBNP
005 20260209095655.0
008 100122s1965 mx 000 0 spa d
040 _aDO-SdBNP
_bspa
_cBNPHU
041 1 7 _aspa
_hfre
082 _a303.6
_bF214c
100 1 _aFanon, Frantz,
_d1925-1961
_933621
245 1 4 _aLos condenados de la tierra : /
_cFrantz Fanon ; traducción de Julieta Campos ; prólogo de Jean Paul Sartre.
250 _a2a ed.
260 _aMéxico :
_bFondo de Cultura Económica,
_c1965.
300 _a300 p. ;
_c17 cm.
490 1 _aTiempo Presente
_v47
500 _aLa biblioteca posee la 2da. reimpresión del 1971
650 7 _aSolución de conflictos
_911758
_2LIBRUNAM
650 4 _aConflictos culturales
_933623
650 0 _aViolencia
_91750
700 1 _aCampos, Julieta,
_etr.
_933624
700 1 _aSartre, Jean Paul,
_epról.
_933625
830 0 _aTiempo Presente ;
_n47
_933626
942 _2ddc
_cLBS1
999 _c14420
_d14420